| 000 | 02098cam a2200301 4500 | ||
|---|---|---|---|
| 001 | 50311 | ||
| 003 | BD-RjUL | ||
| 005 | 20211209075505.0 | ||
| 008 | 160824s1970 enk b 000 0 eng | ||
| 035 | _a(BD-RjUL)50431 | ||
| 040 |
_aDLC _cDLC _dMYG _dBD-RjUL _beng |
||
| 041 | _aeng | ||
| 082 | 0 | 0 |
_a820.9 _bLIT 1970 |
| 245 | 1 | 0 |
_aLiterary English since Shakespeare / _cEdited by George Watson. |
| 260 |
_aLondon, _aNew York : _bOxford University Press, _c1970 |
||
| 300 |
_ax, 407 p. ; _c21 cm. |
||
| 490 | 1 | _aGalaxy book | |
| 504 | _aIncludes bibliographical references. | ||
| 505 | 0 | _aThe current scene in linguistics, by N. Chomsky.--Realism and the three styles, by E. Auerbach.--The meaning of "literal," by O. Barfield.--On sentence-length, by G. U. Yule.--Monosyllabic lines and words, by A. C. Bradley.--Shakespeare and the language of poetry, by O. Jespersen.--The Baroque style in prose, by M. W. Croll.--Jonson's dramatic prose, by J. A. Barish.--The language of the metaphysicals, by G. Watson.--Milton and the vocabulary of verse and prose, by H. S. Davies.--Science and English prose style, by R. F. Jones.--The style of Dryden's prose, by W. P. Ker.--Pope and the syntax of satire, by J. P. W. Rogers.--Swift and syntactical connection, by L. T. Milic.--Irony in Eighteenth-Century fiction, by W. C. Booth.--The consistency of Johnson's style, by W. K. Wimsatt.--Syntax in Wordsworth's Prelude, by D. Davie.--Scott's linguistic vagaries, by E. M. W. Tillyard.--The language of the Victorians, by F. W. Bateson.--On Dickens, by W. A. Ward.--Dialect in the novels of Hardy and George Eliot, by P. Ingham.--The first paragraph of James's Ambassadors, by I. Watt.--The holy language of modernism, by D. Donoghue. | |
| 650 | 0 |
_aEnglish literature _xHistory and criticism. _9150772 |
|
| 650 | 0 |
_aEnglish language _zGreat Britain _xStyle. _9150773 |
|
| 650 | 0 |
_aStyle, Literary. _9150774 |
|
| 700 |
_aWatson, George, Editor _9150775 |
||
| 830 | 0 |
_aGalaxy book. _9150780 |
|
| 942 |
_2ddc _cBK |
||
| 949 | 0 |
_ax _bLSA _cOCC _o0 _p39080027744454 _x15 _hPR83.W38 1970 |
|
| 999 |
_c50311 _d50311 |
||